[Event "Reykjavik op"]
[Site "Reykjavik"]
[Date "2012.03.09"]
[Round "4"]
[White "Langer, Mikhail"]
[Black "Guisset, Philippe"]
[Result "0-1"]
[WhiteElo "2217"]
[BlackElo "1926"]
[PlyCount "71"]
[EventDate "2012.03.06"]
[EventType "swiss"]
[EventRounds "9"]
[EventCountry "ISL"]
[SourceTitle "CBM 147 Extra"]
[Source "ChessBase"]
[SourceDate "2012.04.24"]
[SourceVersion "1"]
[SourceVersionDate "2012.04.24"]
[SourceQuality "1"]

1. e4 d6 2. d4 g6 3. Nc3 Bg7 4. Be3 a6 5. Qd2 Nd7 6. 0-0-0 c6 7. f4 b5 8. Nf3 b4 9. Na4 Qa5 10. b3 Ngf6 11. Bd3 Rb8 12. Kb1 Nb6 13. Nb2 0-0 14. a4 d5 15. e5 Ne4 16. Bxe4 dxe4 17. Ng5 Bf5 18. h3 f6 19. g4 fxg5 20. gxf5 Rxf5 21. fxg5 Rbf8 22. Rde1 Nd5 23. Nc4 Qd8 24. Kc1 Qc8 25. Qg2 Rf3 26. Bg1 Nf4 27. Qg4 Rxh3 28. Qxc8 Rxc8 29. Rxh3 Nxh3 30. Ne3 Rf8 31. Ng2 c5 32. Rxe4 cxd4 33. Bxd4 Rf5 34. Ne3 Rf8 35. Nd5 a5 36. Nxe7+ 0-1

[Event "Heart of Finland op 21st"]
[Site "Jyvaskyla"]
[Date "2011.07.16"]
[Round "8"]
[White "Guisset, Philippe"]
[Black "Kilpela, Panu"]
[Result "0-1"]
[WhiteElo "1953"]
[BlackElo "2077"]
[PlyCount "50"]
[EventDate "2011.07.11"]
[EventType "swiss"]
[EventRounds "9"]
[EventCountry "FIN"]
[SourceTitle "EXT 2022"]
[Source "ChessBase"]
[SourceDate "2021.10.06"]
[SourceVersion "1"]
[SourceVersionDate "2021.10.06"]
[SourceQuality "1"]

1. c4 e5 2. g3 Nc6 3. Bg2 f5 4. Nc3 Nf6 5. d3 Bb4 6. Bd2 0-0 7. Nh3 d6 8. a3 Bxc3 9. Bxc3 Qe8 10. f4 Ng4 11. Bd5+ Kh8 12. fxe5 Ne3 13. Qa4 dxe5 14. Rc1 Bd7 15. Qb5 b6 16. Qb3 Rd8 17. Ng5 Nd4 18. Qa2 h6 19. Nh3 Nxd5 20. cxd5 c5 21. b3 Qf7 22. e3 Qxd5 23. 0-0 Bc6 24. e4 fxe4 25. Qb2 exd3 0-1

[Event "Heart of Finland op 21st"]
[Site "Jyvaskyla"]
[Date "2011.07.11"]
[Round "1"]
[White "Guisset, Philippe"]
[Black "Heikkila, Antti"]
[Result "0-1"]
[WhiteElo "1953"]
[BlackElo "2020"]
[PlyCount "80"]
[EventDate "2011.07.11"]
[EventType "swiss"]
[EventRounds "9"]
[EventCountry "FIN"]
[SourceTitle "EXT 2022"]
[Source "ChessBase"]
[SourceDate "2021.10.06"]
[SourceVersion "1"]
[SourceVersionDate "2021.10.06"]
[SourceQuality "1"]

1. c4 f5 2. g3 Nf6 3. Bg2 g6 4. Nc3 Bg7 5. d3 0-0 6. Rb1 c6 7. b4 d5 8. cxd5 cxd5 9. Qb3 e6 10. Nf3 a5 11. b5 a4 12. Qb4 Re8 13. Bd2 e5 14. 0-0 Bf8 15. Qb2 d4 16. Nd1 Nbd7 17. Bb4 Bg7 18. Nd2 Nb6 19. Ba3 e4 20. Bc5 Ng4 21. Bxb6 Qxb6 22. Nc4 Qc5 23. Qb4 Qxb4 24. Rxb4 Bf8 25. Nb6 Bxb4 26. Nxa8 Bd7 27. Nc7 Re5 28. dxe4 fxe4 29. f3 Ba5 30. Na8 Bxb5 31. fxg4 Bxe2 32. Rf4 Bxd1 33. Bxe4 g5 34. Rf5 Rxf5 35. gxf5 b5 36. a3 Bb3 37. Kf2 Bc4 38. Bc6 d3 39. Bf3 d2 40. Bd1 Bd5 0-1

[Event "Brussels FEFB op"]
[Site "Brussels"]
[Date "2011.06.04"]
[Round "6"]
[White "Tomov, Georgi"]
[Black "Guisset, Philippe"]
[Result "1-0"]
[WhiteElo "2278"]
[BlackElo "1950"]
[PlyCount "59"]
[EventDate "2011.06.01"]
[EventType "swiss"]
[EventRounds "7"]
[EventCountry "BEL"]
[SourceTitle "EXT 2015"]
[Source "ChessBase"]
[SourceDate "2014.11.20"]
[SourceVersion "1"]
[SourceVersionDate "2014.11.20"]
[SourceQuality "1"]

1. Nf3 d6 2. d4 g6 3. c4 Bg7 4. Nc3 Nf6 5. e4 0-0 6. h3 e5 7. dxe5 dxe5 8. Qxd8 Rxd8 9. Nd5 Nxd5 10. cxd5 c6 11. Bc4 h6 12. Be3 Bd7 13. Rd1 cxd5 14. Bxd5 Nc6 15. Rd2 Nd4 16. Nxd4 exd4 17. Bxd4 Bb5 18. Bxg7 Kxg7 19. Bxb7 Rxd2 20. Kxd2 Rd8+ 21. Bd5 Bc4 22. Ke3 Bxd5 23. Rd1 Rb8 24. exd5 Rxb2 25. d6 Rb8 26. Ke4 Kf6 27. Kd5 Rb2 28. Kc6 Rc2+ 29. Kb7 Rb2+ 30. Ka8 1-0

[Event "Rennes op 2nd"]
[Site "Rennes"]
[Date "2009.07.23"]
[Round "9"]
[White "Guisset, Philippe"]
[Black "Le Marec, Laura"]
[Result "1/2-1/2"]
[WhiteElo "1985"]
[BlackElo "1550"]
[PlyCount "77"]
[EventDate "2009.07.15"]
[EventType "swiss"]
[EventRounds "9"]
[EventCountry "FRA"]
[SourceTitle "EXT 2011"]
[Source "ChessBase"]
[SourceDate "2010.11.26"]
[SourceVersion "1"]
[SourceVersionDate "2010.11.26"]
[SourceQuality "1"]

1. c4 Nf6 2. g3 c6 3. Nf3 d5 4. b3 Bg4 5. d4 Bxf3 6. exf3 g6 7. Be2 Bg7 8. Be3 0-0 9. Kf1 Nbd7 10. f4 Ne8 11. Nd2 Nc7 12. g4 e6 13. Rc1 Qh4 14. g5 h6 15. Nf3 Qh3+ 16. Ke1 hxg5 17. Nxg5 Qh8 18. c5 f6 19. Nf3 e5 20. Rg1 e4 21. Rxg6 exf3 22. Bxf3 f5 23. Qc2 Qh7 24. Rg5 Ne6 25. Rg3 Rae8 26. Kd2 Kf7 27. Rcg1 Ke7 28. Qd3 Kd8 29. Bg2 Bh6 30. Qc3 Nxf4 31. Qa5+ Kc8 32. Qxa7 Qe7 33. Bf1 Nb8 34. Kc1 Qe4 35. Kd2 Qb1 36. Rg7 Qb2+ 37. Kd1 Bxg7 38. Rxg7 Qb1+ 39. Kd2 1/2-1/2